Kabale University Library Catalogue

Sensory Experience and the Metropolis on the Jacobean Stage (1603-1625) / (Record no. 2725)

MARC details
000 -LEADER
fixed length control field 01268cam a2200325 i 4500
003 - CONTROL NUMBER IDENTIFIER
control field OSt
005 - DATE AND TIME OF LATEST TRANSACTION
control field 20201118100857.0
008 - FIXED-LENGTH DATA ELEMENTS--GENERAL INFORMATION
fixed length control field 140828s2014 enk b 001 0 eng
020 ## - INTERNATIONAL STANDARD BOOK NUMBER
International Standard Book Number 9781472424457
020 ## - INTERNATIONAL STANDARD BOOK NUMBER
Canceled/invalid ISBN 9781472424464
020 ## - INTERNATIONAL STANDARD BOOK NUMBER
Canceled/invalid ISBN 9781472424471
040 ## - CATALOGING SOURCE
Transcribing agency KABLIB
Modifying agency KABLIB
042 ## - AUTHENTICATION CODE
Authentication code pcc
043 ## - GEOGRAPHIC AREA CODE
Geographic area code e-uk-en
082 00 - DEWEY DECIMAL CLASSIFICATION NUMBER
Classification number 822.30
Edition number 23
Item number STA
100 1# - MAIN ENTRY--PERSONAL NAME
Personal name Stanev, Hristomir A.
9 (RLIN) 7360
245 10 - TITLE STATEMENT
Title Sensory Experience and the Metropolis on the Jacobean Stage (1603-1625) /
Statement of responsibility, etc. Hristomir A. Stanev.
260 ## - PUBLICATION, DISTRIBUTION, ETC.
Place of publication, distribution, etc. England :
Name of publisher, distributor, etc. Ashgate Publishing Company ;
Date of publication, distribution, etc. c2014.
264 #1 - PRODUCTION, PUBLICATION, DISTRIBUTION, MANUFACTURE, AND COPYRIGHT NOTICE
Place of production, publication, distribution, manufacture Farnham, Surrey, England ;
-- Burlington, VT :
Name of producer, publisher, distributor, manufacturer Ashgate,
Date of production, publication, distribution, manufacture, or copyright notice [2014]
300 ## - PHYSICAL DESCRIPTION
Extent x, 213 p. :
Dimensions 24 cm.
490 0# - SERIES STATEMENT
Series statement Studies in performance and early modern drama
500 ## - GENERAL NOTE
General note Includes : Bibliography
501 ## - WITH NOTE
With note Includes : Index
504 ## - BIBLIOGRAPHY, ETC. NOTE
Bibliography, etc. note Includes bibliographical references (pages 185-202) and index.
650 #0 - SUBJECT ADDED ENTRY--TOPICAL TERM
Topical term or geographic name entry element English drama
Chronological subdivision 17th century
General subdivision History and criticism.
9 (RLIN) 7361
650 #0 - SUBJECT ADDED ENTRY--TOPICAL TERM
Topical term or geographic name entry element Senses and sensation in literature.
9 (RLIN) 7362
650 #0 - SUBJECT ADDED ENTRY--TOPICAL TERM
Topical term or geographic name entry element Literature and society
Geographic subdivision England
General subdivision History
Chronological subdivision 17th century.
9 (RLIN) 7363
942 ## - ADDED ENTRY ELEMENTS (KOHA)
Source of classification or shelving scheme Dewey Decimal Classification
Koha item type Book

No items available.


Kabale University Library | Kabale University P.O Box 317, Kabale, Uganda
Tel : +256754017033, +256774661503 E-mail : library@kab.ac.ug